Médaille d'or aux Jeux Olympiques de 2016 (avec une carte) - Statistiques

Statistiques générales
  • Ce quiz a été pris 674 fois
    632 depuis la dernière actualisation
  • Le résultat moyen est 38 sur 58
Réponses sur la Carte
Les réponses sont colorées sur une échelle allant du rouge au vert en fonction du pourcentage des utilisateurs qui les ont devinées à leur premier essai. Vous pouvez retrouver ces pourcentages ci-dessous.
 
Statistiques - réponses
les ors pays % Correct
46 Etats-Unis
100%
4 Canada
99%
10 France
99%
7 Brésil
98%
26 Chine
98%
7 Espagne
98%
19 Russie
98%
17 Allemagne
97%
8 Australie
97%
8 Italie
97%
3 Argentine
95%
12 Japon
95%
2 Suède
93%
27 Grande Bretagne
92%
2 Pologne
89%
3 Suisse
89%
2 Afrique du Sud
85%
2 Belgique
85%
8 Pays-Bas
85%
2 Ukraine
85%
9 Corée du Sud
84%
3 Grèce
84%
1 Turquie
83%
4 Nouvelle-Zélande
82%
1 Roumanie
79%
2 Danemark
77%
6 Kenya
76%
5 Cuba
74%
3 Colombie
69%
5 Croatie
69%
1 Éthiopie
69%
8 Hongrie
69%
6 Jamaïque
69%
1 Tchequie
69%
2 Serbie
67%
1 Indonésie
64%
2 Slovaquie
63%
3 Kazakhstan
60%
3 Iran
59%
1 Slovénie
59%
1 Biélorussie
55%
2 Thaïlande
54%
1 Viêt Nam
46%
2 Corée du Nord
45%
1 Arménie
37%
2 Géorgie
36%
1 Fidji
33%
1 Azerbaïdjan
32%
1 Bahamas
28%
4 Ouzbékistan
27%
1 Taïwan
24%
1 Côte d'Ivoire
22%
1 Kosovo
22%
1 Jordanie
16%
1 Tadjikistan
16%
1 Singapour
15%
1 Bahreïn
13%
1 Porto Rico
8%
Aucun quiz correspondant
Distribution des résultats
% des personnes avec chaque résultat
Percentile par nombre de réponses
Votre historique - résultats
Vous n’avez pas pris ce quiz depuis la dernière actualisation